Statistics for Current Events - Feb 8

Click here to take the quiz!

General Stats

  • This quiz has been taken 10 times
  • The average score is 7 of 24

Answer Stats

HintAnswer% Correct
What country overtakes China as the leading source of imports to the US?Mexico
100%
Climate change is fueling the dissappearance of what sea?Aral Sea
50%
What new category are the Oscars adding for 2026?Best Casting
50%
What celebrity is seeking monetary support from Elon Musk?Caitlyn Jenner
50%
5 marines are confirmed dead after crashing in what state's mountainous region?California
50%
What is the name of Kasey Musgrave's new album?Deeper Well
50%
What doctor announces their memoir?Dr. Anthony Fauci
50%
What special material is in the gold medals for Paris 2024?Eiffel Tower
50%
What singer does Lady Gaga say she "stans"?Lana Del Rey
50%
The CDC is investigating a gastro ilness on what cruise ship?Queen Victoria
50%
What is the name of the documentary about Dan Schneider?Quiet on Set
50%
Ningning from the Kpop group, Aespa was announced as the Global Brand Ambassador for what fashion brand?Versace
50%
Actress Kaya Scodelario separates from who?Benjamin Walker
0%
Who was named Billboard's Powerhouse of the Year?Charlie XCX
0%
Who is set to star in the new horror movie, Cuckoo?Hunter Schafer
0%
Who was named Billboard's Woman of the Year?Karol G
0%
Who announced their new album, "Don't Forget Me"?Maggie Rogers
0%
What "Elvis is Everywhere" singer died?Mojo Nixon
0%
What is it called?On Call
0%
Taylor Swift released this song 9 years ago.Style
0%
What song is the first in US history to be certified 2x Diamond?Sunflower - Post Malone and Swae Lee
0%
Henry Fambrough, the last surviving member of what musical group, dies at 85?The Spinners
0%
Who is releasing a new album called "Only God Was Above Us"?Vampire Weekend
0%
Who was named Billboard's Rising Star of the Year?Victoria Monet
0%

Score Distribution

Percentile by Number Answered

Percent of People with Each Score

Your Score History

You have not taken this quiz